00468pab a2200157 454500008004000000100001700040245008200057260000900139300001300148362001100161650002300172650002100195650004100216650003300257773002000290180718b2014 xxu||||| |||| 00| 0 eng d aPandey, Asha aEnhancing motivational dispositions of student teacher: An Indian perspective c2014 ap.17-22. a17 Nov aMotivation - India aTeachers - India aStudent teacher relationship - India aStudent teacher relationship aUniversity News